Mont Royal

Сохранить в:
Библиографические подробности
Главный автор: Marteau, Robert
Формат:
Язык:Undetermined
Опубликовано: París, Francia Gallimard 1981
Предметы:
Метки: Добавить метку
Нет меток, Требуется 1-ая метка записи!

MARC

LEADER 00000nam a2200000Ia 4500
008 170316s9999 xx 000 0 und d
040 |a cru BVZT 
090 |a 840 M-10m 
100 |a Marteau, Robert 
245 |a Mont Royal 
260 |a París, Francia 
260 |b Gallimard 
260 |c 1981 
300 |a 179 páginas 
650 |a LITERATURA FRANCESA 
999 |c 7775  |d 7775 
942 |c 15 D  |h 840 M-10m  |2 z